|
|
|
|
| LEADER |
01582nam a22003137a 4500 |
| 001 |
34884 |
| 003 |
BD-DhAAL |
| 005 |
20190731112153.0 |
| 008 |
190724t20161983bg ||||| |||| 00| p ben d |
| 999 |
|
|
|c 40955
|d 40955
|
| 020 |
|
|
|a 9789849224402
|
| 040 |
|
|
|a BD-DhAAL
|
| 041 |
|
|
|a BEN
|
| 082 |
|
|
|a 891.441
|
| 100 |
|
|
|a গুণ, নির্মলেন্দু
|9 33065
|
| 245 |
|
|
|a নির্বাচিতা /
|c নির্মলেন্দু গুণ
|
| 246 |
|
|
|a Nirbachita
|
| 250 |
|
|
|a অষ্টম সংস্করণ
|
| 260 |
|
|
|a ঢাকা :
|b কাকলী প্রকাশনী,
|c ২০১৬
|
| 300 |
|
|
|a ৪৯৬ পৃষ্ঠা ;
|c ২১ সে.মি.
|
| 526 |
|
|
|a Residential Campus
|
| 541 |
|
|
|a Development Book Agency
|e 34884
|
| 600 |
|
|
|a গুণ, নির্মলেন্দু,
|d ১৯৪৫-
|9 33301
|
| 650 |
|
|
|a Bengali poetry
|9 33066
|
| 852 |
|
|
|a Savar Campus Library
|c General Stacks
|
| 942 |
|
|
|2 ddc
|c BK
|
| 952 |
|
|
|0 0
|1 0
|2 ddc
|4 0
|6 891_441000000000000_GUN
|7 0
|9 65731
|a SCL
|b SCL
|c GEN
|d 2019-07-17
|e Development Book Agency
|g 595.00
|l 2
|m 8
|o 891.441 GUN
|p 3020034884
|r 2024-06-04
|s 2024-05-29
|t 1
|v 595.00
|w 2019-07-17
|y BK
|
| 952 |
|
|
|0 0
|1 0
|2 ddc
|4 0
|6 891_441000000000000_GUN
|7 0
|9 65732
|a SCL
|b SCL
|c GEN
|d 2019-07-17
|e Development Book Agency
|g 595.00
|l 1
|m 2
|o 891.441 GUN
|p 3020034885
|r 2019-10-19
|s 2019-09-25
|t 2
|v 595.00
|w 2019-07-17
|y BK
|
| 952 |
|
|
|0 0
|1 0
|2 ddc
|4 0
|6 891_441000000000000_GUN
|7 0
|9 65857
|a BRACUL
|b BRACUL
|c GEN
|d 2019-07-24
|e Development Book Agency
|g 595.00
|l 2
|m 30
|o 891.441 GUN
|p 3010035006
|r 2022-09-24
|s 2020-03-01
|t 3
|v 595.00
|w 2019-07-24
|y BK
|